<?xml version="1.0" encoding="UTF-8"?><?xml-stylesheet type="text/xsl" href="static/style.xsl"?><OAI-PMH xmlns="http://www.openarchives.org/OAI/2.0/" xmlns:xsi="http://www.w3.org/2001/XMLSchema-instance" xsi:schemaLocation="http://www.openarchives.org/OAI/2.0/ http://www.openarchives.org/OAI/2.0/OAI-PMH.xsd"><responseDate>2026-06-01T12:31:05Z</responseDate><request verb="GetRecord" identifier="oai:riuma.uma.es:10630/38617" metadataPrefix="marc">https://riuma.uma.es/rest/oai/request</request><GetRecord><record><header><identifier>oai:riuma.uma.es:10630/38617</identifier><datestamp>2026-02-03T11:07:25Z</datestamp><setSpec>com_10630_2254</setSpec><setSpec>col_10630_37953</setSpec></header><metadata><record xmlns="http://www.loc.gov/MARC21/slim" xmlns:dcterms="http://purl.org/dc/terms/" xmlns:doc="http://www.lyncode.com/xoai" xmlns:xsi="http://www.w3.org/2001/XMLSchema-instance" xsi:schemaLocation="http://www.loc.gov/MARC21/slim http://www.loc.gov/standards/marcxml/schema/MARC21slim.xsd">
   <leader>00925njm 22002777a 4500</leader>
   <datafield ind2=" " ind1=" " tag="042">
      <subfield code="a">dc</subfield>
   </datafield>
   <datafield ind2=" " ind1=" " tag="720">
      <subfield code="a">Navajas Porras, Beatriz</subfield>
      <subfield code="e">author</subfield>
   </datafield>
   <datafield ind2=" " ind1=" " tag="720">
      <subfield code="a">Pérez-Burillo, Sergio</subfield>
      <subfield code="e">author</subfield>
   </datafield>
   <datafield ind2=" " ind1=" " tag="720">
      <subfield code="a">Hinojosa-Nogueira, Daniel</subfield>
      <subfield code="e">author</subfield>
   </datafield>
   <datafield ind2=" " ind1=" " tag="720">
      <subfield code="a">Pastoriza, Silvia</subfield>
      <subfield code="e">author</subfield>
   </datafield>
   <datafield ind2=" " ind1=" " tag="720">
      <subfield code="a">Rufián-Henares, José Ángel</subfield>
      <subfield code="e">author</subfield>
   </datafield>
   <datafield ind2=" " ind1=" " tag="260">
      <subfield code="c">2022-11-24</subfield>
   </datafield>
   <datafield ind2=" " ind1=" " tag="520">
      <subfield code="a">Most of the foods we eat undergo a cooking process before they are eaten. During&#xd;
such a process, the non-enzymatic browning occurs, which generates compounds such as furosine, 5-hydroxymethylfurfural (HMF) and furfural. These are considered markers of cookedness and&#xd;
can therefore be used as quality indicators. In this work, we study the production of these compounds in different foods (both of plant and animal origin) that are cooked with different techniques.&#xd;
Additionally, we investigate correlations between the production of these markers of cookedness&#xd;
and the antioxidant capacity produced after in vitro digestion and fermentation. We observe that,&#xd;
in general, cereals and vegetables are more thermally damaged. Toasting and frying produce the&#xd;
highest concentrations of Maillard compounds whereas boiling the lowest. Furosine content shows a&#xd;
significant positive correlation with in vitro digestion data in fried foods, and with fermentation in&#xd;
roasted foods. Furfural content shows a significant positive correlation with in vitro digestion results&#xd;
in roasted foods, specifically in the Folin–Ciocalteu method.</subfield>
   </datafield>
   <datafield ind1="8" ind2=" " tag="024">
      <subfield code="a">Navajas-Porras B, Pérez-Burillo S, Hinojosa-Nogueira D, Pastoriza S, Rufián-Henares JÁ. Relationship of Thermal Treatment and Antioxidant Capacity in Cooked Foods. Antioxidants. 2022;11:2324.</subfield>
   </datafield>
   <datafield ind1="8" ind2=" " tag="024">
      <subfield code="a">https://hdl.handle.net/10630/38617</subfield>
   </datafield>
   <datafield ind1="8" ind2=" " tag="024">
      <subfield code="a">10.3390/antiox11122324</subfield>
   </datafield>
   <datafield tag="653" ind2=" " ind1=" ">
      <subfield code="a">Maillard, Reacción de</subfield>
   </datafield>
   <datafield tag="653" ind2=" " ind1=" ">
      <subfield code="a">Alimentos - Manipulación</subfield>
   </datafield>
   <datafield ind2="0" ind1="0" tag="245">
      <subfield code="a">Relationship of Thermal Treatment and Antioxidant Capacity in Cooked Foods</subfield>
   </datafield>
</record>
</metadata></record></GetRecord></OAI-PMH>